| 000 | 00821nam a2200253 i 4500 | ||
|---|---|---|---|
| 001 | 178468 | ||
| 003 | ES-MaACL | ||
| 005 | 20230906220534.0 | ||
| 008 | 110602s1943 it f |||| |dita d | ||
| 080 | _a75 Tiepolo, Giovanni Battista | ||
| 100 | 1 |
_aMorassi, Antonio. _9146849 |
|
| 245 | 1 | 0 |
_aTiepolo / _cAntonio Morassi. |
| 260 |
_aBergamo : _bIstituto Italiano d'Arti Grafiche, _c[1943] |
||
| 300 |
_a49, 144 p. de lám. ; _c26 cm. |
||
| 490 | 1 |
_aI grandi artisti italiani ; _v7 |
|
| 500 | _aÍndices. | ||
| 504 | _aBibliografía: p. 43-44. | ||
| 546 | _aTexto en italiano. | ||
| 600 | 1 | 4 |
_aTiepolo, Giovanni Battista. _9146850 |
| 710 | 2 |
_aIstituto Italiano d'Arti Grafiche. _9146842 |
|
| 830 | 0 |
_aI grandi artisti italiani ; _v7 _9190981 |
|
| 852 |
_aES-MaACL _jE-15217 _xOlim P-941 |
||
| 999 |
_c178468 _d178468 |
||